000 00220nam a2200097Ia 4500
008 220204s9999 xx 000 0 und d
082 _a82-3
_bBRI
100 _aBriggs, Raymond
245 0 _aMidnight adventure
942 _cBK
999 _c32753
_d32753